| 000 -LEADER |
| fixed length control field |
00404nam a22001337a 4500 |
| 003 - CONTROL NUMBER IDENTIFIER |
| control field |
OSt |
| 008 - FIXED-LENGTH DATA ELEMENTS--GENERAL INFORMATION |
| fixed length control field |
150608b xxu||||| |||| 00| 0 eng d |
| 041 ## - LANGUAGE CODE |
| Language code of text/sound track or separate title |
eng |
| 100 1# - MAIN ENTRY--PERSONAL NAME |
| Personal name |
Stone, Robert G. |
| 245 10 - TITLE STATEMENT |
| Title |
A glossary of English equivalents of terms commonly used in French auctions, catalogues, and stamp trade |
| 260 ## - PUBLICATION, DISTRIBUTION, ETC. (IMPRINT) |
| Name of publisher, distributor, etc. |
France and Colonies Philatelic Society |
| 300 ## - PHYSICAL DESCRIPTION |
| Extent |
0 pages |
| 942 ## - ADDED ENTRY ELEMENTS (KOHA) |
| Edition |
|